000 01318nam a22004217a 4500
001 0066057
003 KOHA_MİRAKIL
005 20260207004626.0
007 ta
008 210408b2013 tu |||gr||||#0|||0|eng |
020 _a9781441999825
020 _a9781489994752
040 _aTR-BiSEU
_btur
_cTR-BiSEU
_erda
041 0 _aeng
044 _ctu
050 _aQA613
_b.L44 2013
100 1 _aLee, John M..
245 1 _aIntroduction to Smooth Manifolds/
_cJohn M. Lee ; John M. Lee ; by John M. Lee.
250 _aSecond editino
264 1 _a :
_b
_c2013
300 _aXVI, 708 pages ;
_c24 cm.
336 _ametin
_btxt
_2rdacontent
337 _aaracısız
_bn
_2rdamedia
338 _acilt
_bnc
_2rdacarrier
490 1 _aGraduate Texts in Mathematics,0072-5285 ;
_v218
500 _aIncludes bibliographical references and indexes.
650 0 _aMathematics.
_92070
650 0 _aGlobal differential geometry.
_963238
650 0 _aMathematics.
_92070
650 0 _aDifferential Geometry.
_9124488
650 0 _aMatematik.
_91486
650 0 _aKüresel diferansiyel geometri.
_9124489
650 0 _aMatematik.
_91486
650 0 _aDiferansiyel Geometri.
_9124490
830 1 _aGraduate Texts in Mathematics,0072-5285 ;
_v218
_9124491
907 _aFen Bilimleri
942 _2lcc
_cBK
999 _c66444
_d66444